| 000 | 00774nam a22002297a 4500 | ||
|---|---|---|---|
| 005 | 20230123103330.0 | ||
| 008 | 230123b ag ||||| |||| 00| 0 spa d | ||
| 020 | _a9789871622726 | ||
| 050 | 0 | 4 |
_aB5005 _bH36 2019 |
| 100 | 1 | _aHan, Byung-Chul | |
| 240 | _aAbwesen. Zur Kultur und Philosophie des Fernen Ostens | ||
| 245 | 1 | 0 |
_aAusencia : _bacerca de la cultura y la filosofía del Lejano Oriente / _cByung-Chul Han ; traducción, Graciela Calderón |
| 250 | _a1a ed. | ||
| 260 |
_aBuenos Aires : _b Caja Negra Editora, _c2019 |
||
| 300 |
_a133 p. ; _c20 cm. |
||
| 490 | 0 |
_aColección Futuros Próximos ; _v22 |
|
| 650 | 4 | _aFilosofía asiática | |
| 650 | 4 |
_aCultura _xAsia |
|
| 650 | 4 | _aFilosofía | |
| 700 | 1 |
_aCalderón, Graciela, _etr. |
|
| 942 |
_2lcc _cLIB |
||
| 999 |
_c165800 _d165798 |
||